| 000 | 00777nam a2200169Ia 4500 | ||
|---|---|---|---|
| 008 | 100122s9999 xx 000 0 und d | ||
| 082 |
_b37267 _a823 |
||
| 100 | _aलेले रा के | ||
| 245 | _aमराठी वृत्तपत्राचा इतिहास (क. क्र. 25/4) | ||
| 260 |
_bकॉटिनेंटल प्रकाशन _c1905 |
||
| 300 | _a1165 | ||
| 520 | _aवृत्तपत्रांचा इतिहास | ||
| 620 | _aवृत्तपत्रांचा इतिहास | ||
| 630 | _aमराठी वृत्तपत्राचा इतिहास (क. क्र. 25/4) | ||
| 730 | _aमराठी वृत्तपत्राचा इतिहास (क. क्र. 25/4) | ||
| 942 | _cBOOK | ||
| 999 |
_c419727 _d419724 |
||